Bad Translations of Movie Quotes #2 - Statistics

General Stats
  • This quiz has been taken 7 times
  • The average score is 9 of 20
Answer Stats
Bad Translation Actual Quote % Correct
"I'll do it with those deadly snakes on this deadly plane!" I have had it with these motherf***in' snakes on this motherf***in' plane! (Snakes on a Plane)
83%
"Whenever the arrow sounds, the angels spread their wings." Every time a bell rings, an angel gets his wings. (It's a Wonderful Life)
67%
"Fight Legal 1: You're not talking about war clubs." The first rule of Fight Club is: you do not talk about Fight Club. (Fight Club)
67%
"Life is growing fast. If you do not stop, do not look around, you can skip that." Life moves pretty fast. If you don't stop and look around once in a while, you could miss it. (Ferris Bueller's Day Off)
50%
"Ray, if anyone asks you, if you are a god, you are Jesus!" Ray, when someone asks you if you're a god you say YES! (Ghostbusters)
50%
"The devil's great influence was to predict the existence of the world." The greatest trick the devil ever pulled was convincing the world he didn't exist. (The Usual Suspects)
50%
"Unlimited is not the limit!" To infinity, and beyond! (Toy Story)
50%
"Nevertheless, you can use words. I do not think it means your idea." You keep using that word. I do not think it means what you think it means. (The Princess Bride)
50%
"I ate a red pill that stayed in Wonderland. I'll tell you how deep the rabbit hole has penetrated." You take the red pill - you stay in Wonderland, and I show you how deep the rabbit-hole goes. (The Matrix)
50%
"Sing, O man! The game is over!" Game over, man! Game over! (Aliens)
33%
"Are you dancing to Satan in the light month?" Have you ever danced with the devil in the pale moonlight? (Batman)
33%
"Pirates do not eat tourists when pirates are injured." If the Pirates of the Caribbean breaks down, the pirates don't eat the tourists. (Jurassic Park)
33%
"Control loop. Find her in a loop. Sand and tie together in the dark." One ring to rule them all. One ring to find them. One ring to bring them all and in the darkness bind them. (Fellowship of the Ring)
33%
"The second award is a series of knife steaks. 3rd place - you started." Second prize is a set of steak knives. Third prize is you're fired. (Glengarry Glen Ross)
33%
"It seems someone had an incident on Monday." Sounds like somebody's got a case of the Mondays. (Office Space)
33%
"This rug is really connected to the room." That rug really tied the room together. (The Big Lebowski)
33%
"Is it time for German troops to bomb Pearl Harbor?" Was it over when the Germans bombed Pearl Harbor? (Animal House)
33%
"What is your main mistake?" What is your major malfunction? (Full Metal Jacket)
33%
"Your mom is a hamster, and your dad is like a business." Your mother was a hamster and your father smelt of elderberries. (Monty Python and the Holy Grail)
33%
"Maybe this is a wood partner?" I guess that was your accomplice in the wood chipper? (Fargo)
17%
No matching quizzes found
Score Distribution
Percent of People with Each Score
Percentile by Number Answered
Your Score History
You have not taken this quiz